Library Banner

Essays on Islam/ (Record no. 94781)

MARC details
000 -LEADER
fixed length control field 00380nam a22001457a 4500
005 - DATE AND TIME OF LATEST TRANSACTION
control field 20180305125628.0
008 - FIXED-LENGTH DATA ELEMENTS--GENERAL INFORMATION
fixed length control field 170620b xxu||||| |||| 00| 0 eng d
040 ## - CATALOGING SOURCE
Transcribing agency PK-LaUMT
082 ## - DEWEY DECIMAL CLASSIFICATION NUMBER
Classification number ZIAC 297.04
Item number ESS-
100 ## - MAIN ENTRY--PERSONAL NAME
Personal name Hakim Mohammed Said
245 ## - TITLE STATEMENT
Title Essays on Islam/
Statement of responsibility, etc Hakim Mohammed Said
260 ## - PUBLICATION, DISTRIBUTION, ETC. (IMPRINT)
Place of publication, distribution, etc Karachi:
Name of publisher, distributor, etc Hamdard Foundation,
Date of publication, distribution, etc 1992
300 ## - PHYSICAL DESCRIPTION
Extent 346 p.
942 ## - ADDED ENTRY ELEMENTS (KOHA)
Koha item type Books
Holdings
Withdrawn status Lost status Damaged status Home library Current library Date acquired Full call number Barcode Date last seen Price effective from Koha item type
      UMT Main Campus UMT Main Campus 2017-06-20 ZIAC 297.04 ESS- 110460 2017-06-20 2017-06-20 Books